|
|
|
|
| LEADER |
01064nam a2200277 u 4500 |
| 001 |
10009955 |
| 003 |
GR-PaULI |
| 005 |
20210117204228.0 |
| 008 |
881025s1986 us eng |
| 952 |
|
|
|0 0
|1 0
|2 ddc
|4 0
|6 Π_Σ_572_820000000000000_PLA
|7 0
|9 139085
|a LISP
|b LISP
|c REF
|d 2016-04-24
|i 18863
|l 0
|o Π/Σ 572.82 PLA
|p 025000113553
|r 2016-04-24 00:00:00
|t 1
|v 2016.00
|w 2016-04-24
|y BKN
|
| 999 |
|
|
|c 90978
|d 90978
|
| 020 |
|
|
|a 0121820181
|
| 040 |
|
|
|a GR-PaULI
|c GR-PaULI
|b gre
|e AACR2
|
| 082 |
0 |
4 |
|a 572.82
|2 23
|
| 245 |
0 |
0 |
|a Plant molecular biology /
|c edited by Arthur Weissbach and Herbert Weissbach.
|
| 260 |
|
|
|a Orlando, FL :
|b Academic Press,
|c 1986.
|
| 300 |
|
|
|a xxx, 829 σ. ;
|b
|c 23 εκ.
|
| 490 |
1 |
|
|a Methods in Engymology
|v 118.
|
| 505 |
1 |
|
|a
|
| 650 |
|
4 |
|a Βοτανική
|9 463
|
| 650 |
|
4 |
|a Μοριακή βιολογία
|9 835
|
| 700 |
1 |
|
|a Weissbach, Arthur
|9 125626
|e επιμελητής.
|
| 700 |
1 |
|
|a Weissbach, Herbert
|9 125627
|e επιμελητής.
|
| 830 |
|
0 |
|9 175521
|a Methods in enzymology
|v 118.
|
| 942 |
|
|
|2 ddc
|c BKN
|
| 998 |
|
|
|c ΜΠΟΥΡΑΣ
|d 2019-05
|